Central Library OPAC University of Rajshahi

Selection and use of engineering materials / (Record no. 12979)

MARC details
000 -LEADER
fixed length control field 01088cam a2200313 a 4500
001 - CONTROL NUMBER
control field 12979
003 - CONTROL NUMBER IDENTIFIER
rucl marc code BD-RjUL
005 - DATE AND TIME OF LATEST TRANSACTION
control field 20211208235402.0
008 - FIXED-LENGTH DATA ELEMENTS--GENERAL INFORMATION
fixed length control field 140130r20061997ii a b 001 0 eng
020 ## - INTERNATIONAL STANDARD BOOK NUMBER
International Standard Book Number 0750632771
035 ## - SYSTEM CONTROL NUMBER
System control number (BD-RjUL)13029
040 ## - CATALOGING SOURCE
Original cataloging agency DLC
Transcribing agency DLC
Modifying agency DLC
-- BD-RjUL
Language of cataloging eng
041 ## - LANGUAGE CODE
Language code of text/sound track or separate title eng
082 00 - DEWEY DECIMAL CLASSIFICATION NUMBER
Classification number 620.11
Edition number 21
Author mark and year CHS 2006
100 1# - MAIN ENTRY--PERSONAL NAME
Personal name Charles, J. A.
9 (RLIN) 40454
245 10 - TITLE STATEMENT
Title Selection and use of engineering materials /
Statement of responsibility, etc. J. A. Charles, F. A. A. Crane, J. A. G. Furness
250 ## - EDITION STATEMENT
Edition statement 3rd ed.
260 ## - PUBLICATION, DISTRIBUTION, ETC. (IMPRINT)
Place of publication, distribution, etc. India ;
-- Oxford ;
-- Boston :
Name of publisher, distributor, etc. Butterworth Heinemann,
Date of publication, distribution, etc. 1997 [reprinted 2006].
300 ## - PHYSICAL DESCRIPTION
Pagination ix, 343 p. :
Illustrations ill. ;
Size 25 cm.
504 ## - BIBLIOGRAPHY, ETC. NOTE
Bibliography, etc Includes bibliographical references and index.
650 #0 - SUBJECT ADDED ENTRY--TOPICAL TERM
Topical term or geographic name as entry element Materials.
9 (RLIN) 40455
700 1# - ADDED ENTRY--PERSONAL NAME
Personal name Crane, F. A. A.
Personal name Furness, J.A.G.
856 42 - ELECTRONIC LOCATION AND ACCESS
Materials specified Publisher description
Uniform Resource Identifier <a href="http://www.loc.gov/catdir/description/els033/97203970.html">http://www.loc.gov/catdir/description/els033/97203970.html</a>
Materials specified Table of contents
Uniform Resource Identifier <a href="http://www.loc.gov/catdir/toc/els032/97203970.html">http://www.loc.gov/catdir/toc/els032/97203970.html</a>
942 ## - ADDED ENTRY ELEMENTS (KOHA)
Source of classification or shelving scheme Dewey Decimal Classification
Koha item type Books
Holdings
Lost status Source of classification or shelving scheme Damaged status Not for loan Collection code Permanent Location Current Location Shelving location Date acquired Source of acquisition Cost, normal purchase price Total Checkouts Full call number Date last seen Copy number Koha item type
  Dewey Decimal Classification     Non-fiction Central Library, University of Rajshahi Central Library, University of Rajshahi   29/09/2010 paragon Enterprises Dhaka 295.00   620.11 CHS 2006 30/01/2014 C-3 Books
  Dewey Decimal Classification     Non-fiction Central Library, University of Rajshahi Central Library, University of Rajshahi   24/02/2009 Dhaka,Paragon Enterprise Lit., 295.00   620.11 CHS 2006 18/10/2016 C-2 Books
  Dewey Decimal Classification   Not For Loan Non-fiction Central Library, University of Rajshahi Central Library, University of Rajshahi Reading Room 24/02/2009 Dhaka, paragon Enterprises Ltd. 295.00   620.11 CHS 2006 19/03/2017 C-1 Books